Nr. 1-Hit oder nicht? - Statistiken

Allgemein
  • Dieses Quiz wurde 712 mal gespielt
  • Das Durchschnittsergebnis liegt bei 16 aus 25
Antwortstatistiken
Frage Antwort % Korrekt
Madonna Ja
96%
Michael Jackson Ja
96%
Elvis Presley Ja
91%
Whitney Houston Ja
89%
Beyoncé Ja
87%
Elton John Ja
87%
Mariah Carey Ja
85%
Aretha Franklin Nein
76%
Eric Clapton Nein
76%
Bruce Springsteen Ja
75%
Eminem Ja
75%
Pink Floyd Ja
73%
Johnny Cash Nein
71%
Eagles Nein
62%
Billy Joel Nein
60%
Frank Sinatra Ja
56%
Bob Dylan Nein
53%
Prince Nein
45%
Stevie Wonder Ja
44%
Led Zeppelin Ja
44%
U2 Nein
40%
AC/DC Nein
36%
David Bowie Nein
33%
Queen Nein
13%
Taylor Swift Nein
11%
Keine übereinstimmenden Quizze gefunden
Verteilung der Resultate
Anzahl Personen mit jedem Resultat
Perzentil nach korrekt beantworteten Fragen
Ihre Resultats-Entwicklung
Sie haben dieses Quiz noch nicht gespielt